000
00331nam a2200133 a 4500
005
20140414093835.0
008
090121s19uu xx uuu eng d
050
_a
CDR 515
_b
MUL 1996
245
_a
Multimedia calculus I.
650
_a
Calculus.
_x
Interactive videos.
650
_a
Mathematics.
942
_c
AVM
999
_c
108982
_d
108982